Rapaces de France - Statistiques

Statistiques générales
  • Ce quiz a été pris 122 fois
  • Le résultat moyen est 11 sur 42
Statistiques - réponses
Par images Réponse % Correct
Milan royal
89%
Vautour fauve
74%
Gypaète barbu
71%
Faucon pélerin
58%
Aigle royal
57%
Milan noir
55%
Vautour moine
48%
Faucon crécerelle
40%
Elanion blanc
38%
Balbuzard pêcheur
34%
Vautour percnoptère
32%
Busard pâle
31%
Buse variable
31%
Circaète Jean-le-blanc
31%
Faucon crécerellette
31%
Busard cendré
29%
Autour des palombes
25%
Epervier d'Europe
25%
Faucon kobez
25%
Faucon gerfaut
22%
Bondrée apivore
20%
Busard des roseaux
20%
Faucon émerillon
20%
Faucon Hobereau
20%
Aigle botté
15%
Busard Saint-Martin
15%
Faucon sacre
15%
Buse pattue
14%
Faucon d'Eleonore
14%
Aigle de Bonelli
12%
Pygargue à queue blanche
12%
Vautour oricou
12%
Aigle impérial
11%
Aigle pomarin
11%
Buse des steppes
11%
Vautour de Rüppell
11%
Aigle criard
9%
Aigle des steppes
9%
Faucon concolore
9%
Aigle ibérique
8%
Faucon lanier
8%
Buse féroce
6%
Aucun quiz correspondant
Distribution des résultats
% des personnes avec chaque résultat
Percentile par nombre de réponses
Votre historique - résultats
Vous n’avez pas pris ce quiz